「堀」がつく駅名 - Statistics

General Stats
  • This quiz has been taken 131 times
  • The average score is 10 of 34
Answer Stats
都道府県 駅名 % Correct
愛知県 堀田(名鉄)
67%
愛知県 堀田(地下鉄)
67%
熊本県 堀川
65%
神奈川県 堀ノ内
63%
東京都 堀切
51%
東京都 八丁堀
47%
広島県 八丁堀
47%
岩手県 堀内
45%
東京都 堀切菖蒲園
44%
山形県 大堀
41%
東京都 京王堀之内
39%
大阪府 長堀橋
38%
千葉県 青堀
35%
京都府 馬堀
32%
愛媛県 堀江
30%
三重県 赤堀
28%
大阪府 西長堀
27%
神奈川県 馬堀海岸
23%
新潟県 越後堀之内
22%
東京都 船堀
22%
栃木県 堀米
21%
愛知県 堀内公園
18%
北海道 堀川町
18%
大阪府 河堀口
16%
愛媛県 西堀端
15%
愛媛県 南堀端
14%
秋田県 横堀
14%
新潟県 北堀之内
13%
静岡県 竪堀
13%
富山県 上堀
11%
兵庫県 砥堀
7%
富山県 堀川小泉
6%
高知県 堀詰
6%
北海道 深堀町
3%
No matching quizzes found
Score Distribution
Percent of People with Each Score
Percentile by Number Answered
Your Score History
You have not taken this quiz